| 000 | 00674nam a2200241Ia 4500 | ||
|---|---|---|---|
| 001 | 3029 | ||
| 003 | GE_BSU | ||
| 008 | 181216s||||||||xx |||||||||||||| ||und|| | ||
| 020 | _a5865090550 | ||
| 040 | _cGE_BSU | ||
| 080 | _a330.101(075.8) | ||
| 100 | _aМ.К. Бункина, В.А. Семенов | ||
| 245 | _aМакроэкономика(основы экономической политики) | ||
| 245 | _bУчебник | ||
| 245 | _cнауч, ред. А. Л. Мотылев | ||
| 260 | _aМосква | ||
| 260 | _bДИС | ||
| 260 | _c1997 | ||
| 300 | _a320 с. 21 см. | ||
| 541 | _h7л.30 т. | ||
| 653 | _aМакроэкономика | ||
| 942 | _cBK | ||
| 999 |
_c37075 _d37075 |
||